000 00289 a2200133 4500
001 155638
040 _cEscola São Tomás de Aquino
100 _aHORN, Alice
240 1 0 _aAlô, papai!
_lpor
245 1 0 _aAlô, papai!
440 1 _aFTD
697 _a*LITERATURA INFANTIL
942 _cBK
999 _c155638
_d155638